Visualizzazione normale
Vista MARC
- Conley
di Personal Name
Records bibliografici associati: 1
001 - CONTROL NUMBER
- control field: 30435
003 - CONTROL NUMBER IDENTIFIER
- control field: IT-RoPau
005 - DATE AND TIME OF LATEST TRANSACTION
- control field: 20140618115455.0
008 - FIXED-LENGTH DATA ELEMENTS
- fixed length control field: 140618|| aca||aabn | a|a d
040 ## - CATALOGING SOURCE
- Original cataloging agency: IT-RoPau
- Transcribing agency: IT-RoPau
100 ## - HEADING--PERSONAL NAME
- Personal name: Conley
- Dates associated with a name: Codice autore musica SPICS: 24582
- Relator term: Autore musica
- Name of part/section of a work: Funky Street
670 ## - SOURCE DATA FOUND
- Source citation: Work cat.: (IT-RoPau)99479: AA.VV. 794, Non è la Rai - Novanta5